Poľnohospodárska politika EÚ a transformácia východonemeckého poľnohospodárstva

Podrobná bibliografia
Hlavný autor: Gallo, Milan (Autor)
Médium: Článok
Jazyk:slovenčina
Predmet:

MARC

LEADER 00000nab a2200000 a 4500
001 vtls000699881
003 SK-MaSNL
005 20260302181313.0
008 160405c1999 xo 0 slo
015 |a SNBRB1999/09-21281 
035 |a CLN000052048 
040 |a SNKBUCL  |b slo  |c SNKBUCL  |e AACR2 
041 0 |a slo 
044 |a xo  |c SK 
080 |a 631(430):339.923(4)  |2 1997 
080 |a 339.923(4)  |2 1997 
100 1 |a Gallo, Milan  |4 aut  |9 635396 
245 1 0 |a Poľnohospodárska politika EÚ a transformácia východonemeckého poľnohospodárstva  |c Milan Gallo 
650 0 7 |a poľnohospodárstvo  |z Nemecko východné  |x Európska únia  |x politika agrárna  |2 snkbucl  |9 891724 
650 0 7 |a poľnohospodárska politika  |2 snkbucl  |9 2210 
655 7 |a články z novín a časopisov  |2 snkbucl  |9 267496 
773 0 |t Roľnícke noviny  |g Č. 147 (2.8.1999) 
773 0 |t [Príl.] Beseda  |g Roč. 6, s. 3 
850 |a Slovenská národná knižnica v Martine 
852 |a SNK  |b KIS3GCP 
958 |a DE 
958 |a RBX 
999 |c 1413685  |d 1415615